<?xml version="1.0" encoding="UTF-8"?>
<record
    xmlns:xsi="http://www.w3.org/2001/XMLSchema-instance"
    xsi:schemaLocation="http://www.loc.gov/MARC21/slim http://www.loc.gov/standards/marcxml/schema/MARC21slim.xsd"
    xmlns="http://www.loc.gov/MARC21/slim">

  <leader>01289nam a22002057a 4500</leader>
  <controlfield tag="001">2853</controlfield>
  <controlfield tag="003">HMS</controlfield>
  <controlfield tag="005">20251016163342.0</controlfield>
  <controlfield tag="008">251016e2011    cl  n|gsrn||| 00| 0 spa  </controlfield>
  <datafield tag="040" ind1=" " ind2=" ">
    <subfield code="a">hms</subfield>
    <subfield code="c">spa</subfield>
    <subfield code="d">hms</subfield>
  </datafield>
  <datafield tag="110" ind1="1" ind2=" ">
    <subfield code="a">Ejercito de Chile </subfield>
    <subfield code="b">Hospital Militar de Santiago</subfield>
    <subfield code="9">697</subfield>
  </datafield>
  <datafield tag="245" ind1="1" ind2="0">
    <subfield code="a">HMSalud :</subfield>
    <subfield code="b">Revista Hospital Militar de Santiago : una gu&#xED;a de salud para compartir con la familia /</subfield>
    <subfield code="c">Coronel Director General Sergio Rivas Gonz&#xE1;lez. </subfield>
    <subfield code="h">[registro electronico]</subfield>
  </datafield>
  <datafield tag="250" ind1=" " ind2=" ">
    <subfield code="a">N&#xB0;1 noviembre 2011</subfield>
  </datafield>
  <datafield tag="260" ind1=" " ind2=" ">
    <subfield code="a">Santiago de Chile :</subfield>
    <subfield code="b">s/i,</subfield>
    <subfield code="c">2011</subfield>
  </datafield>
  <datafield tag="300" ind1=" " ind2=" ">
    <subfield code="a">14 p&#xE1;ginas :</subfield>
    <subfield code="b">ilustraciones ;</subfield>
    <subfield code="c">28 cm.</subfield>
  </datafield>
  <datafield tag="505" ind1=" " ind2=" ">
    <subfield code="a">Dr. Enrique Hess, Neurolog&#xED;a tecnolog&#xED;a y contenci&#xF3;n las 24 horas. -- Laboratorio eficiencia y calidez al servicio de la salud. -- Dr. Enrique Valenzuela, Alergias estacionales el gran enemigo que llega con la primavera. -- Dr. Kurt Kirsten Neonat&#xF3;logo, Gloria Rodr&#xED;guez matrona. Lactancia materna los motivos de su importancia en la dieta infantil. -- Mes del c&#xE1;ncer doblare la mano a est&#xE1; enfermedad. -- Hospital Militar con las puertas abiertas a toda la ciudadan&#xED;a. -- L&#xED;mites con amor CAPDIJ.  </subfield>
  </datafield>
  <datafield tag="650" ind1=" " ind2="7">
    <subfield code="a">Hospitales Militares. </subfield>
    <subfield code="v">Publicaciones peri&#xF3;dicas. </subfield>
    <subfield code="9">4452</subfield>
  </datafield>
  <datafield tag="856" ind1="4" ind2="0">
    <subfield code="u">https://nube.hms.cl/index.php/s/FqqkemH3Y2xTpRG</subfield>
  </datafield>
  <datafield tag="942" ind1=" " ind2=" ">
    <subfield code="2">ddc</subfield>
    <subfield code="n">0</subfield>
    <subfield code="c">CR</subfield>
  </datafield>
  <datafield tag="999" ind1=" " ind2=" ">
    <subfield code="c">2853</subfield>
    <subfield code="d">2853</subfield>
  </datafield>
  <datafield tag="952" ind1=" " ind2=" ">
    <subfield code="0">0</subfield>
    <subfield code="1">0</subfield>
    <subfield code="2">ddc</subfield>
    <subfield code="4">0</subfield>
    <subfield code="7">0</subfield>
    <subfield code="8">Col. Res.</subfield>
    <subfield code="a">BHMS</subfield>
    <subfield code="b">BHMS</subfield>
    <subfield code="c">Full Space</subfield>
    <subfield code="d">2025-10-16</subfield>
    <subfield code="i">0002988</subfield>
    <subfield code="l">0</subfield>
    <subfield code="o">Ed. No. 01 Nov. 2011 </subfield>
    <subfield code="p">0002988</subfield>
    <subfield code="r">2025-10-16 12:45:00</subfield>
    <subfield code="t">c.1</subfield>
    <subfield code="w">2025-10-16</subfield>
    <subfield code="y">CR</subfield>
  </datafield>
</record>
